000 00578nam a2200193 a 4500
001 000039963
005 20240530073922.0
008 130801s2001 xxu 000 f spa d
020 _a0972082115
040 _aDO-SdBNP
_bspa
_cBNPHU
082 _aRD863.44
_bC174a
100 1 _aCambeira, Alan
_945553
245 1 0 _aAzĂșcar the story of sugar /
_cAlan Camberia.
260 _aEstados Unidos :
_bMorris Publishing,
_c2001.
300 _a290 p. ;
_c22 cm.
650 0 _aNovela dominicana
_9223
650 0 _aLiteratura dominicana.
_967
910 _aValidado. Control de calidad MFF
999 _c39453
_d39453